Deconstructing archetype theory : a critical analysis of Jungian ideas /

Bibliographic Details
Main Author: Roesler, Christian, 1967- (Author)
Corporate Author: Taylor & Francis
Format: eBook
Language:English
Published: London ; New York : Routledge, Taylor & Francis Group, 2024.
Subjects:
Online Access:Connect to the full text of this electronic book

MARC

Tag First Indicator Second Indicator Subfields
LEADER 00000nam a2200000 i 4500
001 in00004759155
003 OCoLC
005 20231120080005.4
006 m o d
007 cr |||||||||||
008 230324t20242024enk ob 001 0 eng
010 |a  2023008616 
024 8 |a 40032007287 
040 |a DLC  |b eng  |e rda  |c DLC  |d OCLCF  |d OCLCO  |d N$T 
020 |a 1000922766 
020 |a 9781003348191  |q (ebook) 
020 |a 100334819X 
020 |a 9781000922769  |q (electronic bk.) 
020 |z 9781032390505  |q (hardback) 
020 |z 9781032390499  |q (paperback) 
035 |a (OCoLC)1378836443 
042 |a pcc 
050 4 |a BF173.A25  |b R64 2024 
082 0 0 |a 150.19/54  |2 23/eng/20230510 
100 1 |a Roesler, Christian,  |d 1967-  |e author. 
245 1 0 |a Deconstructing archetype theory :  |b a critical analysis of Jungian ideas /  |c Christian Roesler. 
264 1 |a London ;  |a New York :  |b Routledge, Taylor & Francis Group,  |c 2024. 
264 4 |c ©2024 
300 |a 1 online resource. 
336 |a text  |b txt  |2 rdacontent 
337 |a computer  |b c  |2 rdamedia 
338 |a online resource  |b cr  |2 rdacarrier 
504 |a Includes bibliographical references and index. 
588 |a Description based on print version record and CIP data provided by publisher. 
600 1 0 |a Jung, C. G.  |q (Carl Gustav),  |d 1875-1961. 
650 0 |a Jungian psychology. 
650 6 |a Psychologie analytique.  |0 (CaQQLa)201-0275820 
600 1 7 |a Jung, C. G.  |q (Carl Gustav),  |d 1875-1961  |2 fast  |0 (OCoLC)fst00029786 
650 7 |a Jungian psychology  |2 fast  |0 (OCoLC)fst00984858 
655 7 |a Electronic books.  |2 local 
710 2 |a Taylor & Francis 
776 1 8 |i Print version:  |a Roesler, Christian, 1967-  |t Deconstructing archetype theory  |d London ; New York : Routledge, Taylor & Francis Group, 2024  |z 9781032390505  |w (DLC) 2023008615 
856 4 0 |u http://proxy.library.tamu.edu/login?url=https://www.taylorfrancis.com/books/9781003348191  |z Connect to the full text of this electronic book  |t 0 
945 |b 886676 
955 |a YBP purchased approval e-records 
980 |b ebook  |c 40032007287  |f NONFIC/B  |g 565751  |k USD  |m 180.00  |q 1  |s AcqMono Conventional  |t Approval plan  |u Vendor order reference number  |v ZYBP  |y E-approvals  |z Electronic resource 
999 f f |i 43307ace-3e0e-4164-b097-f0182feafc00  |s c9ec3c7b-1841-4d29-b149-dfaba9a44084  |t 0 
952 f f |a Texas A&M University  |b College Station  |c Electronic Resources  |s www_evans  |d Available Online  |t 0  |e BF173.A25 R64 2024  |h Library of Congress classification